Tímové vodcovstvo, jeho pozitíva a úskalia

Teoretické vymedzenie pojmu tímové vodcovstvo. Komparácia tradičného a zdieľaného modelu tímového vodcovstva podľa Yukla. Hillovej model vedenia tímov. Prípadová štúdia o tímovom vodcovstve: Mount Everest – hora, kde je výstup dobrovoľný, ale návrat povinný. Konkurenčný boj - Adventure Consultants v...

ver descrição completa

Na minha lista:
Detalhes bibliográficos
Autor principal: Skorková, Zuzana, 1979-
Formato: Capítulo de Livro
Idioma:eslovaco
Assuntos:
Tags: Adicionar Tag
Sem tags, seja o primeiro a adicionar uma tag!

MARC

LEADER 00000naa$a2200000$$$4500
001 0260321
005 20240502074123.9
041 0 |a slo 
044 |a SK 
245 1 0 |a Tímové vodcovstvo, jeho pozitíva a úskalia  |c Zuzana Skorková 
520 |a Teoretické vymedzenie pojmu tímové vodcovstvo. Komparácia tradičného a zdieľaného modelu tímového vodcovstva podľa Yukla. Hillovej model vedenia tímov. Prípadová štúdia o tímovom vodcovstve: Mount Everest – hora, kde je výstup dobrovoľný, ale návrat povinný. Konkurenčný boj - Adventure Consultants vs Mountain Madness. Zlyhanie tímových vodcov. 
610 2 0 |a vodcovstvo 
610 2 0 |a lídri 
610 2 0 |a tímy pracovné 
610 2 0 |a štúdie prípadové 
100 1 |a Skorková, Zuzana, 1979-